Uczestnicy 11. edycji MasterChefa - Statystyki

Ogólne statystyki
  • Ten quiz został rozwiązany 9 razy
  • Średni wynik to 3 z 15
Statystyki odpowiedzi
Miejsce Uczestnik % Poprawnych
1 Jakub Tomaszczyk
63%
2 Bartosz Nowak
38%
7 Daniel Władymirow
25%
5 Zofia Masny-Klimczak
25%
8 Bartłomiej Głowacki
13%
6 Dominik Czeronek
13%
3 Elżbieta Stróżyńska
13%
3 Filip Wałek
13%
15 Ilona Kalina
13%
12 Marcin Olzacki
13%
10 Natalia Spychaj
13%
13 Paweł Banach
13%
11 Piotr Hermanowski
13%
14 Tomasz Honisz
13%
9 Wiktoria Wilmanowicz
13%
Nie znaleziono quizów pasujących do podanych kryteriów
Rozkład punktacji
Procent ludzi z każdym wynikiem
Percentyl według liczby udzielonych odpowiedzi
Twoja historia wyników
Nie rozwiązałeś tego quizu